Marketing food brands in Italy a case study approach /

Bibliographic Details
Corporate Author: ProQuest (Firm)
Other Authors: Pratesi, Carlo Alberto.
Format: Electronic eBook
Language:English
Published: Bradford, England : Emerald Group Publishing, c2002.
Series:British food journal ; v.104, no. 6
Subjects:
Online Access:Click to View
LEADER 01243nam a2200325Ia 4500
001 EBC232182
003 MiAaPQ
005 20200520144314.0
006 m o d |
007 cr cn|||||||||
008 000815s2002 enk s 000 0 eng d
020 |z 086176708X 
035 |a (MiAaPQ)EBC232182 
035 |a (Au-PeEL)EBL232182 
035 |a (CaPaEBR)ebr10052708 
035 |a (CaONFJC)MIL47869 
035 |a (OCoLC)133163647 
040 |a MiAaPQ  |c MiAaPQ  |d MiAaPQ 
050 4 |a HD9000.5  |b .M37 2002 
245 0 0 |a Marketing food brands in Italy  |h [electronic resource] :  |b a case study approach /  |c guest editor Carlo Alberto Pratesi. 
260 |a Bradford, England :  |b Emerald Group Publishing,  |c c2002. 
300 |a 55 p. 
490 0 |a British food journal ;  |v v.104, no. 6 
533 |a Electronic reproduction. Ann Arbor, MI : ProQuest, 2015. Available via World Wide Web. Access may be limited to ProQuest affiliated libraries. 
650 0 |a Food industry and trade  |z Italy  |v Case studies. 
650 0 |a Marketing  |z Italy  |v Case studies. 
655 4 |a Electronic books. 
700 1 |a Pratesi, Carlo Alberto. 
710 2 |a ProQuest (Firm) 
856 4 0 |u https://ebookcentral.proquest.com/lib/matrademy/detail.action?docID=232182  |z Click to View